000 00605nam a2200229Ia 4500
003 OSt
005 20220923230743.0
006 a|||||r|||| 00| 0
007 ta
008 Pun
024 _a305,303
037 _cTextual
040 _aARTS
_cARTS
_bPun
041 _2Pun
_aPun
082 _aQ8441:33, 153J9
100 _aਵੀਰ ਸਿੰਘ
245 0 _aਪੁਰਾਤਨ ਜਨਮਸਾਖੀ
_b ਗੁਰੂ ਨਾਨਕ ਦੇਵ ਜੀ
260 _c1959
650 _aਧਰਮ
942 _hQ8441:33, 153J9
_cTEXL
_2CC
999 _c387106
_d387106